000
00179nam a2200085 4500
001
1255683
005
20251211125448.0
245
_a
EL KIZI
_c
ORHAN KEMAL
260
_b
EVEREST YAYINLARI
999
_c
1255683
_d
1255683